RAGAZZO SELVAGGIO (IL), NUOVA SERIE, ANNO 13-N.3 (MAGGIO/GIUGNO 1997) (Record n. 131934)
[ formato base ]
| 000 -LEADER | |
|---|---|
| fixed length control field | 01185nas a2200277Ia 4500 |
| 001 - CONTROL NUMBER | |
| control field | R065/E8159 |
| 003 - CONTROL NUMBER IDENTIFIER | |
| control field | IT-RoPAU |
| 008 - FIXED-LENGTH DATA ELEMENTS--GENERAL INFORMATION | |
| fixed length control field | 151124c99999999xx |||||||||||| ||und|| |
| 040 ## - CATALOGING SOURCE | |
| Original cataloging agency | IT-RoPAU |
| 040 ## - CATALOGING SOURCE | |
| Transcribing agency | IT-RoPAU |
| 041 ## - LANGUAGE CODE | |
| Language code of text/sound track or separate title | ITALIANO |
| 100 ## - MAIN ENTRY--PERSONAL NAME | |
| Personal name | Repetto Monica |
| Miscellaneous information | Codice Aut. SPICS: 49276 |
| 210 ## - ABBREVIATED TITLE | |
| Abbreviated title | RAGAZZO SELVAGGIO (IL) |
| 222 ## - KEY TITLE | |
| Key title | Ragazzo Selvaggio (Il) |
| 245 ## - TITLE STATEMENT | |
| Title | RAGAZZO SELVAGGIO (IL), NUOVA SERIE, ANNO 13-N.3 (MAGGIO/GIUGNO 1997) |
| Remainder of title | Immagine Del Bambino Nel Cinema Contemporaneo Fra Occidente E Oriente (L') |
| 250 ## - EDITION STATEMENT | |
| Edition statement | 1a ed. |
| 260 ## - PUBLICATION, DISTRIBUTION, ETC. (IMPRINT) | |
| Place of publication, distribution, etc. | BERGAMO |
| Name of publisher, distributor, etc. | MORETTI & VITALI |
| Date of publication, distribution, etc. | 1997 |
| 300 ## - PHYSICAL DESCRIPTION | |
| Extent | 13 p. [9-21] |
| 362 ## - DATES OF PUBLICATION AND/OR SEQUENTIAL DESIGNATION | |
| Dates of publication and/or sequential designation | ANNO 013, N.03 (MAGGIO/GIUGNO 1997) |
| 501 ## - WITH NOTE | |
| -- | Paulus - SPICS - Società San Paolo EM (non-commercial uses only) |
| -- | Copyright2015 |
| 500 ## - GENERAL NOTE | |
| General note | Frantumi D'Infanzia nel Cinema dell'Ovest: Morte di Bambini, Suicidi di Bambini, Erotismi Infantili, a Misura di Bambino, Bambino Immaginario O Reale?, Bambini che Seminano Morte. Bambino della Storia: Bambini nel Cinema Nonoccidentale, Bambini nel Cinema |
| 650 ## - SUBJECT ADDED ENTRY--TOPICAL TERM | |
| Topical term or geographic name as entry element | CINEMA |
| Form subdivision | PUBBLICAZIONE PERIODICA |
| 700 ## - ADDED ENTRY--PERSONAL NAME | |
| Personal name | Causo Massimo |
| 700 ## - ADDED ENTRY--PERSONAL NAME | |
| Miscellaneous information | Codice Aut. SPICS: 22994 |
| 942 ## - ADDED ENTRY ELEMENTS (KOHA) | |
| Koha item type | RIVISTA |
| Withdrawn status | Lost status | Damaged status | Not for loan | Home library | Current library | Date acquired | Total Checkouts | Full call number | Date last seen | Price effective from | Koha item type | Public note |
|---|---|---|---|---|---|---|---|---|---|---|---|---|
| Buone Condizioni | Not For Loan | SPICS-MEDIATECA | SPICS-MEDIATECA | 25/11/2015 | R065/E8159 | 25/11/2015 | 25/11/2015 | RIVISTA | Progr. Ins: 41057 / Copia rara: NO / date import: 25.11.2015 / By Epidotti, Trombetti, Vaglietti |